000 005100000a22001690004500
090 _aAR
_b00799
245 1 0 _aVertebrate diversity, ecology, and conservation in neotropical dry forests
650 1 4 _aBosques secos tropicales
_992782
650 1 4 _aRiqueza de especies
_93326
650 1 4 _aEndemismo
_948559
650 1 4 _aFauna
_992594
650 1 4 _aBiogeografĂ­a
_992747
041 0 _aInglés
100 1 _aCeballos, Gerardo
_916178
942 _cARTICULO
773 1 _tNeotropical Vertebrates
_3299
_q195-220
_d1996?
999 _c9889
_d9889